Statistiques concernant Personnages célèbres - Série 51

Cliquez ici pour prendre le quiz!

Statistiques générales

  • Ce quiz a été pris 69 fois
  • Le résultat moyen est 9 sur 15

Statistiques - réponses

Answer % Correct
Kennedy
99%
Riner
93%
Ferri
84%
Aguilera
82%
Washington
81%
Quétier
73%
Mitterrand
72%
Weaver
69%
Testud
69%
Winslet
64%
Zem
48%
Weber
39%
Zylberstein
30%
Yerlès
12%
Wolkowitch
10%

Distribution des résultats

Percentile by Number Answered

% des personnes avec chaque résultat

Votre développement - résultats

Vous n’avez pas pris ce quiz